| 000 | 00577cam a22002171 4500 | ||
|---|---|---|---|
| 001 | sa 66000253 | ||
| 003 | DLC | ||
| 005 | 20260227112214.0 | ||
| 008 | 951013s1965 ii 000 0 eng | ||
| 010 | _asa 66000253 | ||
| 025 | _aPL480:I-E-5186 | ||
| 035 | _a(OCoLC)33293759 | ||
| 040 |
_aDLC _cNSyU _dDLC |
||
| 042 | _apremarc | ||
| 050 | 0 | 0 |
_aHD57 _b.S394 |
| 100 | 1 | _aShah, R. M. | |
| 245 | 1 | 0 |
_aSome aspects of productivity, _busual and unusual, _cby R.M. Shah. |
| 260 |
_aBombay, _bOrient Longmans _c[1965] |
||
| 300 |
_a44 p. _c22 cm. |
||
| 650 | 0 | _aLabor productivity. | |
| 999 |
_c67155 _d67155 |
||